00426nam a22001457a 4500020001500000082001400015100002100029245002500050260002700075300001000102650002400112942000700136952012000143999001700263 a9185424331 a261.2 AHI aAhistrand, Kajsa aFundamental Openness aSweedenbUppsalac1993 a209 P aTheology - Religion cBK 00104070aHMIbHMIcGENd2015-09-17eDr Andreas D'Souzag0.00l0o261.2 AHIp11002481r2026-01-16w2026-01-16yEB c19770d19770